Guess the actors that played James Bond (007). - Statistics

General Stats
  • This quiz has been taken 24 times
  • The average score is 6 of 7
Answer Stats
Picture Answer % Correct
Daniel Craig
100%
Sir Sean Connery
100%
Pierce Brosnan
90%
Sir Roger Moore
90%
Timothy Dalton
86%
George Lazenby
71%
Sir David Niven
48%
No matching quizzes found
Score Distribution
Percent of People with Each Score
Percentile by Number Answered
Your Score History
You have not taken this quiz